000
00293nam a22001337a 4500
003
SGT
020
_a
9789390142323
082
_a
428.0071 ,YAD
100
_a
YADAV PRIYANKA
245
_a
PEDAGOGY OF TEACHING ENGLISH
260
_a
NEW DELHI
_b
RENOVA
_c
2024
300
_a
324
942
_2
ddc
_c
BK
999
_c
31396
_d
31396